| 000 | 02258cam a2200397 i 4500 | ||
|---|---|---|---|
| 999 |
_c64973 _d64973 |
||
| 001 | 955991 | ||
| 003 | CO-MdFUSB | ||
| 005 | 20190424102832.0 | ||
| 008 | 160801s2017 miua g b 001 0 eng | ||
| 010 | _a 2016029670 | ||
| 020 |
_a9780801017032 _q(hardcover) |
||
| 020 |
_a0801017033 _q(hardcover) |
||
| 040 |
_aDLC _bspa _erda _cCO-MdFUSB _dYDXCP _dBTCTA _dBDX _dOCLCO _dKTS _dOCLCQ _dWIO _dYDX _dOCLCO |
||
| 041 | _aeng | ||
| 042 | _apcc | ||
| 049 | _aPTSS | ||
| 082 | 0 | 0 |
_224 _aG 220.609 _bB672s |
| 100 | 1 |
_aBoersma, Hans, _d1961- _eautor. |
|
| 245 | 1 | 0 |
_aScripture as real presence _b: sacramental exegesis in the early church _c/ Hans Boersma. |
| 264 | 1 |
_aGrand Rapids, Michigan : _bBaker Academic, _c℗[2017] |
|
| 264 | 4 | _c©2017 | |
| 300 |
_axix, 316 páginas ; _c24 cm |
||
| 336 |
_2rdacontent _atexto _btxt |
||
| 337 |
_2rdamedia _asin mediación _bn |
||
| 338 |
_2rdacarrier _avolumen _bnc |
||
| 501 | _aIncluye índices (páginas 299- 316) | ||
| 504 | _aBibliografía (páginas 280- 298) | ||
| 505 | 0 | _a1. Lectura patrística: los padres de la iglesia en la lectura sacramental de las Escrituras -- 2. Lectura literal: Gregorio de Nyssa y Agustín sobre los relatos de la creación de Génesis -- 3. Lectura hospitalaria: Origen y Crisóstomo en la teofanía de Génesis 18 -- 4. Otra lectura: Melito de Sardis y Origen en la Pascua de Éxodo 12 -- 5. Lectura encarnaciónal: Origen en la narrativa histórica de Josué -- 6. Lectura armoniosa: Clemente de Alejandría, Atanasio, Basilio, Gregorio de Nyssa y Agustín sobre la música de los Salmos -- 7. Lectura doctrinal: Atanasio y Gregorio de Nyssa sobre la sabiduría de Proverbios 8 -- 8. Lectura nupcial: Hipólito, Origen y Ambrosio en la pareja nupcial del Cantar de los Cantares -- 9. Lectura profética: Ireneo, Cirilo de Alejandría, Orígenes, Eusebio, Gregorio de Nyssa, Jerónimo, Ambrosio y Agustín sobre las canciones de los sirvientes de Isaías -- 10. Lectura beatífica: Gregorio de Nyssa, Agustín y Leó el Gran sobre las bienaventuranzas de Mateo 5. | |
| 630 | 0 | 7 |
_aBiblia. _pAntiguo Testamento |
| 653 | _aExégesis patrística | ||
| 942 | _cBK | ||